00738nam a2200229Ia 4500001000900000003000500009005001700014008004100031010001100072020001800083040000900101082001900110245016000129260003500289300001500324500004200339503001300381504003000394650002500424650002900449700003000478dia_2403CHAP20251023165921.0220117s1994 xx 000 0 und d a172926 a84-291-7126-6 cCHAP a660.2 C87 1994 aCurso de ingeniería química : introducción a los procesos, las operaciones unitarias y los fenómenos de transporte /c J. Costa López...[et al.] aEspaña :b Reverté,c1994 axv, 440 p. aEl ejemplar 2 es material fotocopiado aI.189114 aBibliografía: p.427-431 aChemical engineering aIngeniería química  aCosta López, J., coaut.